000 01700nam a2200193 i 4500
001 37620
003 ES-MaACL
005 20250916182946.0
007 t|
008 030221m18931909sp ||||1| spa d
100 1 _aCaballero, Fernán.
_933079
245 1 0 _aObras completas /
_cFernan Caballero.
260 _aMadrid :
_bEst. Tip. Suc. Rivadeneyra,
_c1893-1909 (
_fTip. de la Revista de Archivos)
300 _a11 v., 1 lám. :
_b1 retr. aut. ;
_c17 cm.
505 8 _aContiene: V. I: Fernán Caballero y la novela contemporánea / por José María Asensio. La familia de Alvareda. -- V. II: La gaviota. -- V. III: Clemencia. -- V. IV: Lágrimas. -- V. V: Con mal o con bien a los tuyos te ten. El último consuelo. -- V. VI: Una en otra. Un verano en Bornos. Lady Virginia. -- V. VII: La estrella de Vandalia. ¡Pobre Dolores!. Un servilón y un liberalito o Tres almas de Dios. -- V. VIII: Simón verde. La farisea. Vulgaridad y nobleza. Deudas pagadas. La maldición. Leonor. Los dos memoriales. -- V. IX: Estar de más. Magdalena. La corruptora y la buena maestra. Las dos gracias o la expiación. Callar en vida y perdonar en muerte. No transige la conciencia. -- V. X: La flor de las ruinas. Los dos amigos. La hija del sol. Justa y Rufina. Más largo en el tiempo que la fortuna. Cosa cumplida... sólo en la otra vida : (diálogos entre la juventud y la edad madura. -- V. XI: Más honor que honores. Lucas García. Obrar bien... : que Dios es Dios. El dolor es una agonía sin muerte. Sola. Dicha y suerte. La noche de Navidad. El día de Reyes. El ex-voto. Un vestido
700 1 _aAsensio, José María,
_d1829-1905
_923582
852 _aES-MaACL
_jF-12433-43
999 _c37620
_d37620